000 01029nam a22003017a 4500
001 4757
003 FISKH
005 20250506083943.0
008 241007b cb ||||| |||| 00| 0 eng d
020 _a9780876144541
040 _aFISKH
_beng
_cFISKH
_dFISKH
050 _aVK1140.B87
082 _2387.155
100 _aRoop, Peter
_d(1951-)
245 _aKeep the lights burning, abbie /
_cby Peter and Connie Roop pictures by Peter E. Hanson
250 _aThis edition is in 1985
260 _aSan Francisco :
_bMillbrook Press,
_c1985.
300 _a40 pages :
_bColor illustrations ;
_c22 cm
505 _aI
520 _aIn the winter of 1856, a storm delays the lighthouse keeper's return to an island off the coast of Maine, and his daughter Abbie must keep the lights burning by herself.
521 8 _a460L
_bLexile
521 8 _aI
_bRaz-Plus
650 _2Lighthouses
_aSonlight
650 _2Biography
_aEarly reader
700 _aE.Hanson, Peter
_dIllustrator
942 _2ddc
_cBK
_n0
999 _c4757
_d4757